Sobre las tesis relativas al "Carácter y las fuerzas mortices de la revolución salvadoreña"

שמור ב:
מידע ביבליוגרפי
מחבר תאגידי: Partido Comunista de El Salvador
פורמט: Texto
יצא לאור: s.c.e: El partido
תגים: הוספת תג
אין תגיות, היה/י הראשונ/ה לתייג את הרשומה!

MARC

LEADER 00000 a a2200000 04500
001 16605
003
040
090 |a EXTRAVIADO  
110 |a Partido Comunista de El Salvador  
245 |a Sobre las tesis relativas al "Carácter y las fuerzas mortices de la revolución salvadoreña"  
260 |a s.c.e:   |b El partido  
300 |a 10 p.  
999 |c 6309  |d 6309